书目信息 |
| 书名: | Communication mosaics | |
| 作者: | Julia T. Wood. | |
| 分册号: | ||
| 分册名: | 出版地: | Belmont, CA : |
|
| 出版社: | Thomson Wadsworth | |
| 出版时间: | c2004. | |
| 页数: | xxiv, 429 p. : | |
| 开本: | 26 cm. + | |
| 丛书名: | ||
| 中图分类号: | ||
| 科图分类号: | ||
| 其他分类号: | TP14 | |
| 主题词: | ||
| 电子资源: | ||
| 000 | 01319cam a2200289 a 450 | |
| 001 | E0738094579 | |
| 005 | 20070709103735.96 | |
| 008 | 021031s2004 caua b 001 0 eng | |
| 010 | @a2002115364 | |
| 020 | @a0534273661 (CD-ROM). | |
| 020 | @a0534607330 (Student ed. without InfoTrac College ed.). | |
| 020 | @a0534606423 (Student ed. with InfoTrac College ed.). | |
| 040 | @aDLC@cDLC | |
| 050 | 00 | @aP90@b.W6185 2004 |
| 090 | @aTP14 | |
| 099 | @dTP14@ex57=3 | |
| 100 | 1 | @aWood, Julia T. |
| 245 | 10 | @aCommunication mosaics :@ban introduction to the field of communication / @cJulia T. Wood. |
| 250 | @a3rd ed. | |
| 260 | @aBelmont, CA :@bThomson Wadsworth,@cc2004. | |
| 300 | @axxiv, 429 p. :@bill. ;@c26 cm. +@e1 CD-ROM (4 3/4 in.). | |
| 504 | @aIncludes bibliographical references (p. 397-413) and index. | |
| 538 | @aSystem requirements for accompanying CD-ROM: Minimum: Windows 98 or MacOS 8.1; Pentium 2 w/233 MHz or 604 chip w/233 MHz internet connection; 8x CD drive; SVGA monitor 16 bit w/256 colors; Internet Explorer 5.0 or Netscape Navigator 4.77. | |
| 650 | 0 | @aCommunication. |
| 906 | @a7@bcbc@corignew@d3@eepcn@f20@gy-gencatlg | |
| 925 | 0 | @aacquire@b2 shelf copy@xpolicy default |
| 955 | @apc19 2002-10-31@apv02 2003-07-01 to HLCD/WHL@clg31 2004-03-24@dlg01 2004-03-24@elg01 2004-03-24 | |
| Communication mosaics : : an introduction to the field of communication / / Julia T. Wood.-3rd ed.-Belmont, CA : : Thomson Wadsworth, , c2004. |
| xxiv, 429 p. : : ill. ; ; 26 cm. + + 1 CD-ROM (4 3/4 in.). |
| Includes bibliographical references (p. 397-413) and index.-System requirements for accompanying CD-ROM: Minimum: Windows 98 or MacOS 8.1; Pentium 2 w/233 MHz or 604 chip w/233 MHz internet connection; 8x CD drive; SVGA monitor 16 bit w/256 colors; Internet Explorer 5.0 or Netscape Navigator 4.77. |
| ISBN 0534273661 (CD-ROM). |
| ● |
| 相关链接 |
|
|
|
|
正题名:Communication mosaics
索取号:TP14/x57=3
 
预约/预借
| 序号 | 登录号 | 条形码 | 馆藏地/架位号 | 状态 | 备注 |
| 1 | 11493 | 300114935 | 第二样本阅览室/ [索取号:TP14/x57=3] | 在馆 |